书目信息 |
| 题名: |
批判理论
|
|
| 作者: | 拉什 , Rush 编 | |
| 分册: | ||
| 出版信息: | 北京 生活·读书·新知三联书店 2006 |
|
| 页数: | 20,376页 | |
| 开本: | 23cm | |
| 丛书名: | 剑桥哲学研究指针 | |
| 单 册: | ||
| 中图分类: | B085-53 | |
| 科图分类: | ||
| 主题词: | 辩证批判理论--研究--文集--英文 | |
| 电子资源: | ||
| ISBN: | 7-108-02494-2 | |
| 000 | 01114oam2 2200301 450 | |
| 001 | 1554351931 | |
| 005 | 20150122150610.00 | |
| 010 | @a7-108-02494-2@dCNY30.00 | |
| 100 | @a20070311d2006 em y0chiy0110 ea | |
| 101 | 0 | @aeng@gchi |
| 102 | @aCN@b110000 | |
| 105 | @ay z 001yy | |
| 200 | 1 | @a批判理论@9Pi Pan Li Lun@f弗雷德·拉什(Fred Rush)编@FFu Lei De· La Shi (Fred Rush) Bian |
| 205 | @a影印版 | |
| 210 | @a北京@c生活·读书·新知三联书店@d2006 | |
| 215 | @a20,376页@d23cm | |
| 225 | 2 | @a剑桥哲学研究指针@e英文版 |
| 305 | @a本书由剑桥大学出版社授权出版 | |
| 308 | @a丛书第一辑 | |
| 330 | @a本书是一本有关批判理论研究的文章合集,首先将批判理论的思想根源和问题意识全面铺展开,为读者提供了批判理论研究的全景;紧接着,各篇文章以两条线索贯穿始终,一是批判理论的核心问题,二是批判理论关涉的几个重要领域。 | |
| 461 | 0 | @12001 @a剑桥哲学研究指针 |
| 510 | 1 | @aThe Cambridge companion to critical theory@zeng |
| 606 | 0 | @a辩证批判理论@x研究@j文集@j英文 |
| 690 | @aB085-53@v5 | |
| 701 | 1 | @a拉什@9La Shi@bF.@4编 |
| 701 | 1 | @aRush@bFred@4编 |
| 801 | 0 | @aCN@bTSSF@c20150122 |
| 905 | @aZUCC@dB085-53@eJY85 | |
| 批判理论/弗雷德·拉什(Fred Rush)编.-影印版.-北京:生活·读书·新知三联书店,2006 |
| 20,376页;23cm.-(剑桥哲学研究指针:英文版) |
| ISBN 7-108-02494-2:CNY30.00 |
| 本书是一本有关批判理论研究的文章合集,首先将批判理论的思想根源和问题意识全面铺展开,为读者提供了批判理论研究的全景;紧接着,各篇文章以两条线索贯穿始终,一是批判理论的核心问题,二是批判理论关涉的几个重要领域。 |
| ● |
| 相关链接 |
|
|
|
|
正题名:批判理论
索取号:B085-53/JY85
 
预约/预借
| 序号 | 登录号 | 条形码 | 馆藏地/架位号 | 状态 | 备注 |
| 1 | 7840021 | 278400213 | 学院路分馆/ [索取号:B085-53/JY85] | 在馆 |